Жалони (Запис номер 154962)
[ съкратено ]
| 000 -Лидер | |
|---|---|
| Контролно поле с фиксирана дължина | nam a22 a 4500 |
| 003 - Код на организацията, давaща контролен номер | |
| Контролно поле | BLK |
| 005 - Дата и час на последна редакция | |
| Контролно поле | 20230217091025.0 |
| 008 - Елементи от данни с фиксирана дължина | |
| fixed length control field | 180410b bul|||||r ||||||| ||bul|| |
| 010 ## - Наследен системен номер | |
| LC control number | KNG00161617000 |
| 040 ## - Източник на каталожния запис | |
| Идентификатор на билиотеката - собственик на записа | BLK |
| 041 ## - Код за език | |
| Код за езика на текст/звукозапис или на отделно заглавие | Български |
| Код за езика КДБФ | Български |
| 080 ## - УДК | |
| Текстов определител УДК | Интелигенция. Служещи. Администрация |
| УДК код - определител по УДК | 316.343.652 |
| УДК - код + определител | 316.343.652 |
| 139 ## - Редно поле | |
| Редна дума | Жалони |
| Авторски знак | Жал - Ж 18 |
| 245 10 - Сведения за заглавието | |
| Заглавие | Жалони |
| Подзаглавни данни | Сб. статии за рус. интелигенция |
| Редно поле (дума) | прев. от рус. и предг. Димитър Щерев Кирков. |
| 257 ## - Страна на издаване | |
| Страна на създаване/издаване | Русия |
| 260 ## - Област на издателските данни | |
| Място на издаване, разпространение и проч. | София |
| Име на издателя, разпространителя и проч. | Летописи |
| Година на издаване | 1992 |
| 300 ## - Физическа характеристика | |
| Страници | 216 с. |
| Размери/Мащаб | 20 см |
| 380 ## - Жанр | |
| Жанр | Обществени науки |
| 500 ## - Общи забележки | |
| Забележка | Ориг. загл. Вехи. - Съдържа и Кратки биогр. бел. за авт. - 5 000 тир. - Философска истина и интелигентска правда / Н. Бердяев. Героизъм и подвижничество : Из размисли за религиозната природа на рус. интелигенция / С. Булгаков. Творческо самосъзнание / М. Гершензон. В защита на правото : Интелигенция и правосъзнание / Б. Кистяковски. Интелигенция и революция / П. Струве. Етика на нихилизма : Опит да се характеризира нравственият светоглед на рус. интелигенция / С. Франк. За интелигентската младеж : Бел. за бита и настроението й / А. Изгоев. |
| 650 #4 - Допълнително описание по предмет – тема | |
| Основно описание – тема или топоним | Интелигенция - Русия |
| 9 (RLIN) | 332644 |
| 651 #4 - Допълнително описание по предмет - топоним | |
| Географско понятие | Русия |
| 9 (RLIN) | 179465 |
| 653 ## - Ключова дума – ненормативна | |
| Ключова дума | Русия |
| 653 ## - Ключова дума – ненормативна | |
| Ключова дума | интелигенция |
| 700 1# - Други автори (авторска отговорност) | |
| Лично име | Кирков, Димитър Щерев |
| Автороска отговорност (Описва отношението между автора и произведението) | прев. от рус. и предг. |
| 9 (RLIN) | 364323 |
| 852 ## - Местоположение | |
| Форматна сигнатура | Цб 168341 |
| Фондова буква | Хранилище |
| 856 4# - Електронен адрес и достъп | |
| Електронен формат | pdf - файл |
| Инструкция (цена за достъп) | 0.00 |
| Права за достъп | disable |
| 856 4# - Електронен адрес и достъп | |
| Електронен формат | pdf - файл |
| Инструкция (цена за достъп) | 0.00 |
| Права за достъп | disable |
| 999 ## - СИСТЕМНИ КОНТРОЛНИ НОМЕРА | |
| Koha biblionumber | 154962 |
| Koha biblioitemnumber | 154962 |
| 942 ## - АРТИКУЛИ | |
| Вид на библиотечния материал | Книги |
| Скрит в OPAC | Не |
| Периодичен библиозапис | Да |
| 944 ## - СЪЗДАВАНЕ И РЕДАКЦИЯ на ЗАПИСА | |
| Създаване/Редакция | Създаване |
| Дата на регистрацията/редакция | 05.06.2014 |
| Статус, дата на статуса | 05.06.2014 - от С1,Р / 05.06.2014 |
| Служител, извършил регистрацията/редакцията | Кина_Георгиева |
| 944 ## - СЪЗДАВАНЕ И РЕДАКЦИЯ на ЗАПИСА | |
| Създаване/Редакция | Редакция |
| Дата на регистрацията/редакция | 05.06.2014 |
| Статус, дата на статуса | 05.06.2014 - от С1,Р / 05.06.2014 |
| 999 ## - СИСТЕМНИ КОНТРОЛНИ НОМЕРА | |
| Koha biblioitemnumber | 154962 |
| 999 ## - СИСТЕМНИ КОНТРОЛНИ НОМЕРА | |
| Koha biblioitemnumber | 154962 |
| Код за отписване | Код за изгубен артикул | Източник на класификационната схема | Код за повреда | Коз за рестрикции | Код за отдаване | Артикулен № | Име на библиотеката - собственик | Име на библиотеката, в която се намира в момента | Статус (Текущо местоположение) | Дата на вписване в системата | Местоположение - отдел | Цена в лева | Инвентарен номер | Систематично азбучна сигнатура | Баркод | Номер на екземпляра | Цена в евро | Служебна бележка | Служебен тип на артикула |
|---|---|---|---|---|---|---|---|---|---|---|---|---|---|---|---|---|---|---|---|
| Не е изгубен | Universal Decimal Classification | Не е повреден | без рестрикции | ползва се в читалня | 259766 | Регионална библиотека "Любен Каравелов" Русе | Регионална библиотека "Любен Каравелов" Русе | Хранилище | 1992-01-01 | Хранилище | 9.00 | 567140 | Цб 168341 | 120000567140 | 1 | 4.60 | N: стар фонд Дата: 01.01.1992 | Книги | |
| Изтеглен | Не е изгубен | Universal Decimal Classification | Не е повреден | без рестрикции | заемане за дома | 259767 | Регионална библиотека "Любен Каравелов" Русе | Регионална библиотека "Любен Каравелов" Русе | Заемна - подръчен фонд | 1992-01-01 | Заемна - подръчен фонд | 9.00 | 566638 | П 316.3/Ж 18 | 566638 | 2 | 4.60 | N: стар фонд Дата: 01.01.1992 Дата инв: 02.02.2018 Бележки инв: П2018 | Книги |